000 00676nam a2200169Ia 4500
008 090711s9999 xx 000 0 und d
082 _b39632
100 _aकोकड अ. दि. / गुप्ते विमल / कोकड सुशीला
245 _aअभिनव भरतकला
260 _c1957
300 _a98
600 _aकोकड अ. दि. / गुप्ते विमल / कोकड सुशीला
630 _aअभिनव भरतकला
700 _aकोकड अ. दि. / गुप्ते विमल / कोकड सुशीला
730 _aअभिनव भरतकला
942 _cBOOK
999 _c308614
_d308614